Délmagyarország. - 1997. február 10., Hétfő
Elmentve itt :
| Dokumentumtípus: | Újság |
|---|---|
| Megjelent: |
1997-02-10
|
| Sorozat: | Délmagyarország
87 No. 34 |
| Online Access: | http://dmarchiv.bibl.u-szeged.hu/26265 |
| LEADER | 00489nas a2200145 i 4500 | ||
|---|---|---|---|
| 001 | delm26265 | ||
| 005 | 20200415082751.0 | ||
| 008 | 171218s1997 hu n o 0|| hun d | ||
| 022 | |a 0133-025X | ||
| 040 | |a SZTE Délmagyarország Archívum |b hun | ||
| 041 | |a hun | ||
| 245 | 0 | 0 | |a Délmagyarország. - 1997. február 10., Hétfő |h [elektronikus dokumentum] |
| 260 | |c 1997-02-10 | ||
| 490 | 0 | |a Délmagyarország |v 87 No. 34 | |
| 856 | 4 | 0 | |u http://dmarchiv.bibl.u-szeged.hu/26265/1/dm_1997_034.pdf |z Dokumentum-elérés |